000 00672nam a2200229Ia 4500
005 20260429112123.0
008 260429s9999||||xx |||||||||||||| ||und||
020 _a9789391382629
041 _aEnglish
082 _a305.8
_bMUN
100 _aMuninarayanappa, M.
245 0 _aDevelopment of scheduled castes and scheduled tribes :
_bissues, problems and prospects /
_cM. Muninarayanappa
250 _a1st ed.
260 _aDelhi :
_bSwastik Publications,
_c2025.
300 _axv, 541 p.; hb
650 _a Issues
650 _a Scheduled Tribes
650 _aScheduled Castes
700 _a Rao, D. Sreenivasa
700 _a Reddy, K. Venkata
942 _cTB
999 _c52456
_d52456